书目信息 |
| 题名: |
一种不用电源变压器的扩音机
|
|
| 作者: | 颜建中 编著 | |
| 分册: | ||
| 出版信息: | 北京 科学出版社 1976 |
|
| 页数: | 82页 | |
| 开本: | 19cm | |
| 丛书名: | ||
| 单 册: | ||
| 中图分类: | TN722.1 | |
| 科图分类: | ||
| 主题词: | 放大器,按频率分 | |
| 电子资源: | ||
| ISBN: | ||
| 000 | 00796nam0 2200241 45 | |
| 001 | 0176001097 | |
| 005 | 20060722081642.04 | |
| 010 | @dCNY0.20 | |
| 100 | @a19951012d1976 em y0chiy0121 ea | |
| 101 | 0 | @achi |
| 102 | @aCN@b110000 | |
| 105 | @ay z 000yy | |
| 200 | 10 | @a一种不用电源变压器的扩音机@Ayi zhong bu yong dian yuan bian ya qi de kuo yin ji@e高淳放大头@f颜建中编著 |
| 210 | @a北京@c科学出版社@d1976 | |
| 215 | @a82页@d19cm | |
| 517 | 1 | @a一种不用电源变压器的扩音机高淳放大头@Ayi zhong bu yong dian yuan bian ya qi de kuo yin ji gao chun fang da tou |
| 517 | 1 | @a高淳放大头@Agao chun fang da tou |
| 606 | @a放大器,按频率分 | |
| 690 | @aTN722.1@v3 | |
| 701 | 0 | @a颜建中@Ayan jian zhong@4编著 |
| 801 | 2 | @aCN@bNLC@c20060722 |
| 801 | 0 | @aCN@bTSSF |
| 905 | @a10447@dTN722.1@e199 | |
| 一种不用电源变压器的扩音机:高淳放大头/颜建中编著.-北京:科学出版社,1976 |
| 82页;19cm |
| ISBN :CNY0.20 |
| ● |
| 相关链接 |
|
|
|
|
正题名:一种不用电源变压器的扩音机
索取号:TN722.1/199
 
预约/预借
| 序号 | 登录号 | 条形码 | 馆藏地/架位号 | 状态 | 备注 |
| 1 | 0432418 | 204324187 | 密集书库/ [索取号:TN722.1/199] | 在馆 | |
| 2 | 0432419 | 204324196 | 密集书库/ [索取号:TN722.1/199] | 在馆 | |
| 3 | 0432420 | 204324203 | 密集书库/ [索取号:TN722.1/199] | 在馆 |